Teams That Have Beaten LSU Since 2008 In College Football - Statistics

General Stats
  • This quiz has been taken 376 times
  • The average score is 22 of 26
Answer Stats
Date Bowl Game Score Team % Correct
11/8/2008 - 27-21 (OT) Alabama
100%
11/7/2009 - 24-15 Alabama
100%
1/9/2012 2012 Allstate BCS National Championship Game 21-0 Alabama
100%
11/3/2012 - 21-17 Alabama
100%
11/9/2013 - 38-17 Alabama
100%
11/8/2014 - 20-13 (OT) Alabama
100%
11/7/2015 - 30-16 Alabama
100%
10/11/2008 - 51-21 Florida
89%
10/10/2009 - 13-3 Florida
89%
10/6/2012 - 14-6 Florida
89%
10/23/2010 - 24-17 Auburn
86%
10/4/2014 - 41-7 Auburn
86%
10/25/2008 - 52-38 Georgia
84%
9/28/2013 - 44-41 Georgia
84%
11/22/2008 - 31-13 Ole Miss
78%
11/21/2009 - 25-23 Ole Miss
78%
10/19/2013 - 27-24 Ole Miss
78%
11/21/2015 - 38-17 Ole Miss
78%
11/28/2008 - 31-30 Arkansas
76%
11/27/2010 - 31-23 Arkansas
76%
11/15/2014 - 17-0 Arkansas
76%
11/14/2015 - 31-14 Arkansas
76%
12/31/2012 2012 Chick-Fil-A Bowl 25-24 Clemson
72%
9/20/2014 - 34-29 Mississippi State
67%
12/30/2014 2014 Franklin American Mortgage Music City Bowl 31-28 Notre Dame
59%
1/1/2010 2010 Capital One Bowl 19-17 Penn State
41%
No matching quizzes found
Score Distribution
Percent of People with Each Score
Percentile by Number Answered
Your Score History
You have not taken this quiz